[Event "Oberliga Bayern 0203"]
[Site "Bayern"]
[Date "2002.12.15"]
[Round "3.6"]
[White "Kirchner, Thomas"]
[Black "Rubinov, Alexander"]
[Result "1-0"]
[WhiteElo "2235"]
[BlackElo "1986"]
[PlyCount "91"]
[EventDate "2002.10.20"]
[EventType "team-tourn"]
[EventRounds "9"]
[EventCountry "GER"]
[SourceTitle "EXT 2004"]
[Source "ChessBase"]
[SourceDate "2003.11.25"]
[SourceVersion "1"]
[SourceVersionDate "2003.11.25"]
[SourceQuality "1"]
[WhiteTeam "Nuernberg NT"]
[BlackTeam "Haunstetten"]
[WhiteTeamCountry "GER"]
[BlackTeamCountry "GER"]

1. e4 c5 2. Nf3 e6 3. d4 cxd4 4. Nxd4 Nc6 5. Nc3 Nf6 6. Ndb5 Bb4 7. a3 Bxc3+ 8. Nxc3 d5 9. exd5 exd5 10. Bg5 d4 11. Qe2+ Be6 12. 0-0-0 h6 13. Bh4 Qc7 14. Bg3 Qa5 15. Nb5 0-0 16. Nc7 Rac8 17. Nxe6 Rfe8 18. Qb5 fxe6 19. Qxa5 Nxa5 20. Bb5 Red8 21. Rhe1 a6 22. Bd3 Kf7 23. Kb1 Nc4 24. h3 b5 25. Re2 Rd5 26. Ka2 g5 27. Rde1 Rc6 28. h4 Rd7 29. hxg5 hxg5 30. Rh1 Kg7 31. b3 Nb6 32. Be5 Nbd5 33. Kb2 Nf4 34. Bxf4 gxf4 35. Rh4 Re7 36. Rxf4 e5 37. Rxd4 Rce6 38. Bf5 Rc6 39. Rh4 Nd5 40. Be4 Rc5 41. b4 Nc3 42. bxc5 Nxe2 43. c6 Kf6 44. Rh6+ Kg5 45. Rh7 Re8 46. c7 1-0

[Event "Oberliga Bayern 0102"]
[Site "Bayern"]
[Date "2002.04.14"]
[Round "8.4"]
[White "Rubinov, Alexander"]
[Black "Hitzler, Philipp"]
[Result "0-1"]
[WhiteElo "1995"]
[BlackElo "2065"]
[PlyCount "28"]
[EventDate "2001.10.07"]
[EventType "team-tourn"]
[EventRounds "9"]
[EventCountry "GER"]
[SourceTitle "EXT 2003"]
[Source "ChessBase"]
[SourceDate "2002.11.25"]
[SourceVersion "1"]
[SourceVersionDate "2002.11.25"]
[SourceQuality "1"]
[WhiteTeam "Haunstetten"]
[BlackTeam "Neutraubling"]
[WhiteTeamCountry "GER"]
[BlackTeamCountry "GER"]

1. d4 d5 2. c4 Nc6 3. Nf3 Bg4 4. cxd5 Bxf3 5. dxc6 Bxc6 6. Nc3 e6 7. e4 Bb4 8. f3 f5 9. Bc4 Qh4+ 10. g3 Qh3 11. Bxe6 Qg2 12. Rf1 Bb5 13. Be3 Qxf1+ 14. Kd2 Qd3+ 0-1

[Event "Oberliga Bayern 0001"]
[Site "Bayern"]
[Date "2001.04.29"]
[Round "9"]
[White "Rubinov, Alexander"]
[Black "Hofmarksrichter, Rupert"]
[Result "1-0"]
[WhiteElo "1960"]
[BlackElo "1605"]
[PlyCount "115"]
[EventDate "2000.10.15"]
[EventType "team-tourn"]
[EventRounds "9"]
[EventCountry "GER"]
[SourceTitle "EXT 2020"]
[Source "ChessBase"]
[SourceDate "2019.10.17"]
[SourceVersion "1"]
[SourceVersionDate "2019.10.17"]
[SourceQuality "1"]
[WhiteTeam "Haunstetten TSV"]
[BlackTeam "Muenchen 36"]
[WhiteTeamCountry "GER"]
[BlackTeamCountry "GER"]

1. d4 b6 2. c4 Bb7 3. Nc3 e6 4. Nf3 Nf6 5. Bg5 Be7 6. e3 d5 7. Qc2 Nc6 8. a3 h6 9. Bh4 a5 10. Rc1 0-0 11. Be2 Na7 12. 0-0 dxc4 13. Bxc4 Bxf3 14. gxf3 c6 15. Kh1 Nh5 16. Bg3 Nxg3+ 17. hxg3 Rc8 18. Rcd1 Qe8 19. Ba2 Nb5 20. Bb1 g6 21. Na4 Bd8 22. Kg2 Kg7 23. Rh1 Rh8 24. Qd2 Nd6 25. Ba2 Nf5 26. Nc3 Bc7 27. Rh3 Rh7 28. Rdh1 Ne7 29. e4 Ng8 30. e5 Rd8 31. Qf4 g5 32. Qe3 Qd7 33. Rd1 Ne7 34. Bb1 Rhh8 35. Ne2 c5 36. Bc2 Qb5 37. dxc5 Rxd1 38. Bxd1 bxc5 39. f4 Nf5 40. Qc1 g4 41. Rh1 Qc6+ 42. Kg1 Bb6 43. Qc4 Rd8 44. Nc3 Rd4 45. Qe2 Qf3 46. Qxf3 gxf3 47. Bxf3 Rd2 48. Na4 Ba7 49. Be4 Nxg3 50. fxg3 Rd4 51. Bc6 Kg6 52. Kg2 h5 53. Kf3 c4 54. Be4+ f5 55. exf6+ Kxf6 56. Rxh5 Rd2 57. Rh6+ Ke7 58. Rh7+ 1-0

[Event "Oberliga Bayern 0001"]
[Site "Bayern"]
[Date "2001.02.18"]
[Round "6"]
[White "Rubinov, Alexander"]
[Black "Fuchs, Christian1"]
[Result "1-0"]
[WhiteElo "1960"]
[BlackElo "1979"]
[PlyCount "55"]
[EventDate "2000.10.15"]
[EventType "team-tourn"]
[EventRounds "9"]
[EventCountry "GER"]
[SourceTitle "EXT 2020"]
[Source "ChessBase"]
[SourceDate "2019.10.17"]
[SourceVersion "1"]
[SourceVersionDate "2019.10.17"]
[SourceQuality "1"]
[WhiteTeam "Haunstetten TSV"]
[BlackTeam "Krumbach"]
[WhiteTeamCountry "GER"]
[BlackTeamCountry "GER"]

1. d4 Nf6 2. c4 e6 3. Nc3 Bb4 4. Nf3 0-0 5. Bg5 d5 6. e3 c5 7. Qc2 cxd4 8. exd4 h6 9. Bh4 Nc6 10. 0-0-0 Bxc3 11. Qxc3 Ne4 12. Qc2 Qa5 13. Kb1 Nb4 14. Qb3 Bd7 15. Rc1 g5 16. Bg3 dxc4 17. Bxc4 Ba4 18. Qa3 Nxg3 19. hxg3 Qf5+ 20. Ka1 Nc2+ 21. Rxc2 Qxc2 22. Bd3 Qc6 23. Qe7 Kg7 24. Rxh6 Qc1+ 25. Bb1 Kxh6 26. Qf6+ Kh5 27. g4+ Kxg4 28. Ne5+ 1-0